Research in education (Record no. 1392760)

MARC details
000 -LEADER
fixed length control field 00592nam a2200229Ia 4500
005 - DATE AND TIME OF LATEST TRANSACTION
control field 20250508165030.0
008 - FIXED-LENGTH DATA ELEMENTS--GENERAL INFORMATION
fixed length control field 008 250505s9999 xx 000 0 eng d
020 ## - INTERNATIONAL STANDARD BOOK NUMBER
International Standard Book Number 0-205-14224-9
037 ## - SOURCE OF ACQUISITION
Stock number Textual
040 ## - CATALOGING SOURCE
Original cataloging agency FEDL
Language of cataloging eng
Transcribing agency FEDL
041 ## - LANGUAGE CODE
Language code of text/sound track or separate title eng
Source of code eng
084 ## - COLON CLASSIFICATION NUMBER
Classification number 001.42, BES
Assigning agency FEDL
100 ## - MAIN ENTRY--PERSONAL NAME
Personal name Best John W
245 #0 - TITLE STATEMENT
Title Research in education
250 ## - EDITION STATEMENT
Edition statement 7
260 ## - PUBLICATION, DISTRIBUTION, ETC.
Place of publication, distribution, etc. Boston, USA
Name of publisher, distributor, etc. Allyn and Bacon
Date of publication, distribution, etc. 1993
300 ## - PHYSICAL DESCRIPTION
Extent xii,435p.
546 ## - LANGUAGE NOTE
Language note MACESE
700 ## - ADDED ENTRY--PERSONAL NAME
Personal name Kahn James V
9 (RLIN) 779766
942 ## - ADDED ENTRY ELEMENTS (KOHA)
Koha item type Textual
Classification part 001.42, BES
Holdings
Withdrawn status Lost status Damaged status Not for loan Home library Current library Date acquired Total Checkouts Full call number Barcode Date last seen Price effective from Koha item type
        Department of Education Library Department of Education Library 2025-05-08   001.42, BES EL0086390 2025-05-08 2025-05-08 Textual
Copyright @ Delhi University Library System